Luyện tập và tự kiểm tra, đánh giá theo chuẩn kiến thức, kĩ năng : Địa lí 10
Quyển sách gồm 2 phần: Chuẩn kiến thức, kĩ năng và Một số câu hỏi bài tập tự luyện tập và kiểm tra đánh giá. Đây là tài liệu bổ ích hỗ trợ tốt cho học sinh trong quá trình học và ôn tập Địa lí 10, cũng là tài liệu tham khảo cho các t...
Shranjeno v:
| Glavni avtor: | |
|---|---|
| Format: | Knjiga |
| Jezik: | Undetermined |
| Izdano: |
Hà Nội
Giáo dục Việt Nam
2010
|
| Teme: | |
| Oznake: |
Označite
Brez oznak, prvi označite!
|
| Thư viện lưu trữ: | Trung tâm Học liệu Trường Đại học Cần Thơ |
|---|
| LEADER | 01212nam a2200229Ia 4500 | ||
|---|---|---|---|
| 001 | CTU_184839 | ||
| 008 | 210402s9999 xx 000 0 und d | ||
| 020 | |c 23000 | ||
| 082 | |a 910.712 | ||
| 082 | |b Th455 | ||
| 100 | |a Lê, Thông | ||
| 245 | 0 | |a Luyện tập và tự kiểm tra, đánh giá theo chuẩn kiến thức, kĩ năng : | |
| 245 | 0 | |b Địa lí 10 | |
| 245 | 0 | |c Lê Thông chủ biên ... [et al.] | |
| 260 | |a Hà Nội | ||
| 260 | |b Giáo dục Việt Nam | ||
| 260 | |c 2010 | ||
| 520 | |a Quyển sách gồm 2 phần: Chuẩn kiến thức, kĩ năng và Một số câu hỏi bài tập tự luyện tập và kiểm tra đánh giá. Đây là tài liệu bổ ích hỗ trợ tốt cho học sinh trong quá trình học và ôn tập Địa lí 10, cũng là tài liệu tham khảo cho các thầy cô đang giảng dạy Địa lí ở trường Trung học phổ thông. | ||
| 650 | |a Geography,Địa lí | ||
| 650 | |x Study and teaching (Secondary),Học và giảng dạy (trung học) | ||
| 904 | |i Tuyến | ||
| 980 | |a Trung tâm Học liệu Trường Đại học Cần Thơ | ||